O purete! purete! Rimbaud
Bewaard in:
| Hoofdauteur: | |
|---|---|
| Formaat: | Boek |
| Taal: | Spaans |
| Gepubliceerd in: |
Valparaíso
Universidad Católica de Valparaíso
1981
|
| Onderwerpen: | |
| Tags: |
Voeg label toe
Geen labels, Wees de eerste die dit record labelt!
|
MARC
| LEADER | 00000nam a2200000 a 4500 | ||
|---|---|---|---|
| 001 | UCV8797 | ||
| 003 | CL-VaPUC | ||
| 005 | 20221115175418.0 | ||
| 008 | 911213e19810000CL |||||||||||||||||spa|d | ||
| 999 | |c 214250 |d 214248 | ||
| 040 | |c Pontificia Universidad Católica de Valparaíso | ||
| 082 | 0 | 4 | |a Ch861 |b IOM |2 21 |
| 100 | |a Iommi Marini, Godofredo Tito |e autor |9 857986 | ||
| 245 | 1 | 0 | |a O purete! purete! Rimbaud |
| 260 | |a Valparaíso |b Universidad Católica de Valparaíso |c 1981 | ||
| 300 | |a 48 p | ||
| 583 | |a last modification |c 20160312 12:14:54 |k Rodrigo Vera | ||
| 650 | 0 | |a Poesías francesas |9 265467 | |
| 852 | |a BIBCUR | ||
| 942 | |c BK |2 ddc | ||
| 945 | |d 19911213 00:00:00 | ||
| 952 | |0 0 |1 0 |4 0 |6 CH_861_000000000000000_IOM_1981 |7 0 |8 A |9 197435 |a BIBARQ |b BIBARQ |d 2019-11-14 |i 2650991 |l 2 |o Ch861 IOM 1981 |p 2650991 |r 2025-01-20 |s 2022-07-26 |w 2019-11-14 |y BK |k ARQ | ||
| 952 | |0 0 |1 0 |4 0 |6 CH_861_000000000000000_IOM_1981 |7 0 |8 A |9 197436 |a BIBARQ |b BIBARQ |d 2019-11-14 |i 2651009 |o Ch861 IOM 1981 |p 2651009 |r 2025-01-20 |w 2019-11-14 |y BK |k ARQ | ||